Agentově orientované modelování revolučních procesů

Základy agentového modelovania vrátane agentov a prostredia, emergencie a generatívnych mechanizmov. Tieto modely konfrontujeme s tradičnejšími metódami založenými na rovniciach, ktoré prevládajú v spoločenských vedách. Epsteinov klasický model občianskeho násilia, ktorý sa zameriava na to, ako cent...

Celý popis

Uložené v:
Podrobná bibliografia
Hlavný autor: Horáček, Jaroslav
Ďalší autori: Černý, Karel
Médium: Kapitola
Jazyk:Czech
Predmet:
Tagy: Pridať tag
Žiadne tagy, Buďte prvý, kto otaguje tento záznam!

MARC

LEADER 00000naa a2200000 4500
001 0306377
005 20250121145953.9
041 0 |a cze 
044 |a SK 
245 1 0 |a Agentově orientované modelování revolučních procesů  |c Jaroslav Horáček, Karel Černý 
520 |a Základy agentového modelovania vrátane agentov a prostredia, emergencie a generatívnych mechanizmov. Tieto modely konfrontujeme s tradičnejšími metódami založenými na rovniciach, ktoré prevládajú v spoločenských vedách. Epsteinov klasický model občianskeho násilia, ktorý sa zameriava na to, ako centrálne orgány zmierňujú decentralizované vzbury. Po ňom nasleduje Morov model, ktorý skúma vlny občianskeho násilia proti režimom. Následne sa Makowského a Rubina. Skúma sa v ňom, ako centralizácia moci a sociálne siete ovplyvňujú fenomén falšovania preferencií a jeho vplyv na inštitucionálne na inštitucionálnu zmenu. Nakoniec sa rozoberá použitie bunkových automatov Nowakom a Lewensteinom na analýzu polarizácie názorov v populácii. Každý model je vysvetlený stručne, vyžaduje si minimálne matematických základov. Zdôrazňujeme tiež vznikajúce vlastnosti a kritiku týchto modelov. 
610 2 0 |a modely 
610 2 0 |a vedy spoločenské 
610 2 0 |a revolúcia 
610 2 0 |a história 
610 2 0 |a dejiny 
610 2 0 |a sociológia 
100 1 |a Horáček, Jaroslav 
700 1 |a Černý, Karel